• 首页
  • 本馆介绍
  • 公告通知
  • 最新文献
  • 馆藏检索
  • 电子资源
  • 读者导购
  • 参考咨询
  • 我的图书馆
  • 登录
  • 详细信息显示
  • 放入我的书架
  • 预约/预借图书
  • 作者相关作品
  • 分类相关作品
  • 丛书相关作品
  • 出版社相关作品

书目信息

  • 表格格式
  • 工作单格式
  • 卡片格式
题名:
全球高效能人士给青年人的50个忠告
    
 
作者: 兆杰 编著
分册:  
出版信息: 北京   新世界出版社  2004
页数: 10,187页
开本: 23cm
丛书名:
单 册:
中图分类: B848.4 , B825
科图分类:
主题词: 成功心理--青年读物 , 成功心理 , 伦理学
电子资源:
ISBN: 7-80187-448-X
000 00966nam0 2200277 450
001 0951785754
005 20090929142420.09
010    @a7-80187-448-X@dCNY26.80
100    @a20050331d2004 em y0chiy50 ea
101 0  @achi
102    @aCN@b110000
105    @ay z 000yy
106    @ar
200 1  @a全球高效能人士给青年人的50个忠告@f兆杰编著@Aquan qiu gao xiao neng ren shi gei qing nian ren de 50 ge zhong gao
210    @a北京@c新世界出版社@d2004
215    @a10,187页@d23cm
330    @a本书收集了几十位高效能人士给青年人的50个忠告,这些人士包括亿万富翁、成功励志大师、教育专家、婚姻专家等。忠告也涉及人生的方方面面。
510 1  @aFor Youth 50 Pieces of Advice by Global Effecients@zeng
606 0  @a成功心理@j青年读物
606 0  @a成功心理
606 0  @a伦理学
690    @aB848.4@v4
690    @aB825@v4
701  0 @a兆杰@4编著@Azhao jie
801  0 @aCN@b大连网信软件有限公司图书馆·11@c20090929
905    @a10447@dB825@eJY91
    
    全球高效能人士给青年人的50个忠告/兆杰编著.-北京:新世界出版社,2004
    10,187页;23cm
    
    
    ISBN 7-80187-448-X:CNY26.80
    本书收集了几十位高效能人士给青年人的50个忠告,这些人士包括亿万富翁、成功励志大师、教育专家、婚姻专家等。忠告也涉及人生的方方面面。
●
相关链接 在E读中查询图书 在五车中查询图书 在当当中查询图书 在豆瓣中查询图书


正题名:全球高效能人士给青年人的50个忠告     索取号:B825/JY91         预约/预借

序号 登录号 条形码 馆藏地/架位号 状态 备注
1 7820162   278201624   学院路分馆/ [索取号:B825/JY91] 在馆    
2 7820163   278201633   学院路分馆/ [索取号:B825/JY91] 在馆    
3 7820164   278201642   学院路分馆/ [索取号:B825/JY91] 在馆    
4 7820165   278201651   学院路分馆/ [索取号:B825/JY91] 在馆    
唐山师范学院图书馆 欢迎您!
大连网信软件有限公司© 版权所有